মুক্তিযুদ্ধপঞ্জি / (Record no. 74378)
[ view plain ]
| 000 -LEADER | |
|---|---|
| fixed length control field | 00959nam a2200241 a 4500 |
| 001 - CONTROL NUMBER | |
| control field | 74378 |
| 003 - CONTROL NUMBER IDENTIFIER | |
| rucl marc code | BD-RjUL |
| 005 - DATE AND TIME OF LATEST TRANSACTION | |
| control field | 20211209082538.0 |
| 008 - FIXED-LENGTH DATA ELEMENTS--GENERAL INFORMATION | |
| fixed length control field | 180807s2017 bg ||||| b||| 00| 0 ben d |
| 020 ## - INTERNATIONAL STANDARD BOOK NUMBER | |
| International Standard Book Number | 9847012005118 |
| Terms of availability | :Tk.1600.00 |
| 035 ## - SYSTEM CONTROL NUMBER | |
| System control number | (BD-RjUL)74596 |
| 040 ## - CATALOGING SOURCE | |
| Original cataloging agency | BD-RjUL |
| Language of cataloging | eng |
| Transcribing agency | BD-RjUL |
| 041 ## - LANGUAGE CODE | |
| Language code of text/sound track or separate title | eng |
| 082 ## - DEWEY DECIMAL CLASSIFICATION NUMBER | |
| Edition number | 23 |
| Classification number | 016.9549205 |
| Author mark and year | MUK 2017 |
| 245 ## - TITLE STATEMENT | |
| Title | মুক্তিযুদ্ধপঞ্জি / |
| Statement of responsibility, etc. | সংকলন ও সম্পাদনা ; মুনতাসীর মামুন , হাসিনা আহমেদ |
| 260 ## - PUBLICATION, DISTRIBUTION, ETC. (IMPRINT) | |
| Place of publication, distribution, etc. | ঢাকা : |
| Name of publisher, distributor, etc. | কথা প্রকাশ , |
| Date of publication, distribution, etc. | ২০১৭ |
| 300 ## - PHYSICAL DESCRIPTION | |
| Pagination | ৭৯১ পৃ. ; |
| Size | ২৪ সেমি |
| 504 ## - BIBLIOGRAPHY, ETC. NOTE | |
| Bibliography, etc | গ্রন্থপঞ্জি সংযোজিত |
| 650 ## - SUBJECT ADDED ENTRY--TOPICAL TERM | |
| Topical term or geographic name as entry element | মুক্তিযুদ্ধপঞ্জি |
| 9 (RLIN) | 222188 |
| Topical term or geographic name as entry element | Bibliography |
| Form subdivision | Liberation War |
| 9 (RLIN) | 222189 |
| 700 ## - ADDED ENTRY--PERSONAL NAME | |
| Personal name | আহমেদ, হাসিনা |
| 942 ## - ADDED ENTRY ELEMENTS (KOHA) | |
| Source of classification or shelving scheme | Dewey Decimal Classification |
| Koha item type | Reference |
| Lost status | Source of classification or shelving scheme | Damaged status | Not for loan | Collection code | Permanent Location | Current Location | Shelving location | Date acquired | Source of acquisition | Cost, normal purchase price | Total Checkouts | Full call number | Date last seen | Copy number | Koha item type |
|---|---|---|---|---|---|---|---|---|---|---|---|---|---|---|---|
| Dewey Decimal Classification | Not For Loan | Reference | Central Library, University of Rajshahi | Central Library, University of Rajshahi | 15/03/2017 | Rajshahi Viddyasagar | 1600.00 | BR 016.9549205 MUK 2017 | 07/08/2018 | C-1 | Reference | ||||
| Dewey Decimal Classification | Not For Loan | Reference | Central Library, University of Rajshahi | Central Library, University of Rajshahi | 15/03/2017 | Rajshahi Viddyasagar | 1600.00 | BR 016.9549205 MUK 2017 | 07/08/2018 | C-2 | Reference | ||||
| Dewey Decimal Classification | Not For Loan | Reference | Central Library, University of Rajshahi | Central Library, University of Rajshahi | 15/03/2017 | Rajshahi Viddyasagar | 1600.00 | BR 016.9549205 MUK 2017 | 07/08/2018 | C-3 | Reference |